000 00248nam a2200109Ia 4500
005 20251222152649.0
008 251222s9999||||xx |||||||||||||| ||spa||
082 _a800/G77
100 _aGrassia, Filippo
245 0 _aLa Grande Partita
942 _cLIB
999 _c28395
_d28395